[Event "Bronshoj-chA"]
[Site "Copenhagen"]
[Date "2019.03.21"]
[Round "3"]
[White "Steenstrup, Svend"]
[Black "Struch, Thomas"]
[Result "0-1"]
[WhiteElo "1973"]
[BlackElo "2220"]
[PlyCount "136"]
[EventDate "2019.03.07"]
[EventType "tourn"]
[EventRounds "9"]
[EventCountry "DEN"]
[SourceTitle "EXT 2020"]
[Source "ChessBase"]
[SourceDate "2019.10.17"]
[SourceVersion "1"]
[SourceVersionDate "2019.10.17"]
[SourceQuality "1"]

1. d4 d5 2. c4 dxc4 3. Nf3 Nf6 4. e3 e6 5. Bxc4 c5 6. 0-0 a6 7. Bb3 Nbd7 8. Qe2 b5 9. a4 Bb7 10. Rd1 Qb6 11. e4 cxd4 12. Nxd4 Bc5 13. Be3 0-0 14. Na3 bxa4 15. Bxa4 Bxe4 16. b4 Qxb4 17. Bxd7 Nxd7 18. Nxe6 fxe6 19. Rxd7 Bxe3 20. Qxe3 Bd5 21. Qe5 Qg4 22. Qg3 Qxg3 23. hxg3 Rf7 24. Rd6 Rb7 25. Nc2 a5 26. Nd4 Kf7 27. Re1 Re7 28. Nc6 Ree8 29. Ne5+ Kg8 30. Rc1 Ra7 31. Rc3 a4 32. Ra3 h6 33. Rb6 Rc8 34. Rb4 Rc1+ 35. Kh2 Re1 36. Nd3 Re4 37. Rxe4 Bxe4 38. Nc5 Bc6 39. Nxe6 Re7 40. Nd4 Bd7 41. g4 Re4 42. Nf5 Rxg4 43. Ne3 Rh4+ 44. Kg3 Rb4 45. Rd3 Be6 46. Rd6 Kf7 47. Ra6 Bd7 48. Rd6 Rb7 49. Nc4 Rb3+ 50. f3 Be6 51. Ne5+ Kf6 52. Nc6 Rb6 53. Rd4 Rxc6 54. Rxa4 Rc2 55. Rf4+ Bf5 56. Ra4 Bd3 57. Rf4+ Ke5 58. Rf7 Bf1 59. Re7+ Kf6 60. Re1 Bxg2 61. Rg1 Kf5 62. Rb1 h5 63. Rb5+ Kg6 64. Rb6+ Kh7 65. Rb1 Kh6 66. Rb6+ g6 67. Rb1 h4+ 68. Kxh4 Bxf3 0-1

[Event "Bronshoj-chA"]
[Site "Copenhagen"]
[Date "2019.03.07"]
[Round "1"]
[White "Jacobsen, Mikkel Manosri"]
[Black "Struch, Thomas"]
[Result "1-0"]
[WhiteElo "2285"]
[BlackElo "2220"]
[PlyCount "63"]
[EventDate "2019.03.07"]
[EventType "tourn"]
[EventRounds "9"]
[EventCountry "DEN"]
[SourceTitle "EXT 2020"]
[Source "ChessBase"]
[SourceDate "2019.10.17"]
[SourceVersion "1"]
[SourceVersionDate "2019.10.17"]
[SourceQuality "1"]

1. d4 d5 2. c4 dxc4 3. e3 Nf6 4. Bxc4 e6 5. Nc3 a6 6. a4 c5 7. Nf3 Nc6 8. 0-0 Qc7 9. Qe2 Bd6 10. Bd2 0-0 11. Rac1 b6 12. dxc5 Bxc5 13. Na2 a5 14. Bb5 Bb7 15. b4 axb4 16. Nxb4 Nxb4 17. Bxb4 Qe7 18. Bxc5 bxc5 19. Ne5 Rfc8 20. f3 Rc7 21. e4 Ne8 22. Rfd1 Nd6 23. Qd2 Nxb5 24. axb5 f6 25. Nc4 Ra4 26. b6 Rc8 27. Qd7 Qxd7 28. Rxd7 Rb8 29. Nd6 Bc6 30. Rc7 Be8 31. b7 Rb4 32. Rc8 1-0

[Event "Politiken Cup 31st"]
[Site "Helsingor"]
[Date "2009.07.23"]
[Round "7"]
[White "Bejtovic, Jasmin"]
[Black "Struch, Thomas"]
[Result "1-0"]
[WhiteElo "2307"]
[BlackElo "2154"]
[PlyCount "59"]
[EventDate "2009.07.18"]
[EventType "swiss"]
[EventRounds "10"]
[EventCountry "DEN"]
[SourceTitle "CBM 131 Extra"]
[Source "ChessBase"]
[SourceDate "2009.09.03"]
[SourceVersion "2"]
[SourceVersionDate "2009.09.16"]
[SourceQuality "1"]

1. e4 e5 2. Nf3 Nc6 3. d4 exd4 4. Nxd4 Nf6 5. Nxc6 bxc6 6. e5 Qe7 7. Qe2 Nd5 8. c4 Nb6 9. Nc3 Qe6 10. Qe4 g6 11. Bd3 Bg7 12. f4 0-0 13. 0-0 Ba6 14. b3 d5 15. cxd5 cxd5 16. Qe2 Bxd3 17. Qxd3 c6 18. Ba3 Rfd8 19. Ne2 Rdc8 20. Nd4 Qe8 21. Rac1 a5 22. Bc5 Nd7 23. Bd6 Nf8 24. f5 Bxe5 25. fxg6 hxg6 26. Rce1 Bxd4+ 27. Qxd4 Qd7 28. Re7 Qxd6 29. Rfxf7 Ne6 30. Rg7+ 1-0

[Event "Politiken Cup 31st"]
[Site "Helsingor"]
[Date "2009.07.22"]
[Round "6"]
[White "Struch, Thomas"]
[Black "Helin, Mikael"]
[Result "1-0"]
[WhiteElo "2154"]
[BlackElo "1973"]
[PlyCount "103"]
[EventDate "2009.07.18"]
[EventType "swiss"]
[EventRounds "10"]
[EventCountry "DEN"]
[SourceTitle "CBM 131 Extra"]
[Source "ChessBase"]
[SourceDate "2009.09.03"]
[SourceVersion "2"]
[SourceVersionDate "2009.09.16"]
[SourceQuality "1"]

1. e4 g6 2. d4 d6 3. Nc3 a6 4. a4 b6 5. Bc4 e6 6. Nf3 h6 7. Be3 Bg7 8. Qd2 Ne7 9. Bb3 Bb7 10. d5 e5 11. Ng1 g5 12. Nge2 f5 13. f3 Nd7 14. Bf2 f4 15. Bc4 Nf6 16. g3 Ng6 17. gxf4 exf4 18. Nd4 Ne5 19. Be2 Bc8 20. 0-0-0 Bd7 21. h4 Kf7 22. Rdg1 Nh5 23. Bf1 Qf6 24. Bh3 Ke7 25. Bxd7 Kxd7 26. Qe2 Ng3 27. Bxg3 fxg3 28. Nf5 gxh4 29. Rxh4 h5 30. Rxg3 Bh6+ 31. Kb1 Ng6 32. Rh1 Bf4 33. Rg2 Be5 34. Qc4 Rag8 35. Qc6+ Kc8 36. Rhg1 Kb8 37. a5 Rh7 38. Rxg6 Rxg6 39. Qe8+ Kb7 40. Rxg6 Qh8 41. Rg8 Qxg8 42. Qxg8 Rh8 43. Qg5 bxa5 44. f4 Bxc3 45. bxc3 Kb6 46. Nh4 Kc5 47. Qg1+ Kb5 48. Qd4 Rg8 49. Kb2 Rg3 50. f5 Rg4 51. c4+ Ka4 52. Qc3 1-0

[Event "Taastrup Quick Weekend 8th A"]
[Site "Taastrup"]
[Date "2008.10.26"]
[Round "4"]
[White "Andersen, Lars Rene"]
[Black "Struch, Thomas"]
[Result "1-0"]
[WhiteElo "2041"]
[BlackElo "2110"]
[PlyCount "95"]
[EventDate "2008.10.24"]
[EventType "tourn"]
[EventRounds "5"]
[EventCountry "DEN"]
[SourceTitle "EXT 2023"]
[Source "ChessBase"]
[SourceDate "2022.10.05"]
[SourceVersion "1"]
[SourceVersionDate "2022.10.05"]
[SourceQuality "1"]

1. e4 e5 2. Nf3 Nc6 3. Bb5 Nf6 4. d3 Bc5 5. c3 d6 6. 0-0 a6 7. Ba4 Ba7 8. Be3 0-0 9. Nbd2 Ne7 10. Bc2 Ng6 11. Bxa7 Rxa7 12. d4 Re8 13. a4 Ra8 14. a5 h6 15. Re1 Nh7 16. d5 Ng5 17. c4 Bg4 18. h3 Nxf3+ 19. Nxf3 Bd7 20. Bd3 Nf4 21. Bf1 f5 22. Ra3 Qf6 23. Nd2 Ng6 24. exf5 Bxf5 25. Ne4 Bxe4 26. Rxe4 Rf8 27. Qe1 Nf4 28. g3 Ng6 29. Bg2 Ne7 30. Rb3 Rab8 31. Rf3 Qg6 32. Rxf8+ Rxf8 33. f4 exf4 34. Rxe7 f3 35. Qe6+ Qxe6 36. dxe6 fxg2 37. Rxc7 Re8 38. e7 Kf7 39. Rxb7 Rxe7 40. Rxe7+ Kxe7 41. Kxg2 d5 42. Kf3 Kd6 43. cxd5 Kxd5 44. Kf4 g6 45. h4 Kd4 46. g4 Kc4 47. Ke5 Kb4 48. Kf6 1-0

[Event "Taastrup Quick Weekend 8th A"]
[Site "Taastrup"]
[Date "2008.10.24"]
[Round "1"]
[White "Struch, Thomas"]
[Black "Hald, Jens Erik Kofoed"]
[Result "0-1"]
[WhiteElo "2110"]
[BlackElo "2027"]
[PlyCount "138"]
[EventDate "2008.10.24"]
[EventType "tourn"]
[EventRounds "5"]
[EventCountry "DEN"]
[SourceTitle "EXT 2023"]
[Source "ChessBase"]
[SourceDate "2022.10.05"]
[SourceVersion "1"]
[SourceVersionDate "2022.10.05"]
[SourceQuality "1"]

1. e4 c5 2. Nc3 Nc6 3. g3 g6 4. Bg2 Bg7 5. d3 e6 6. Be3 d6 7. Qd2 Nd4 8. Nge2 Ne7 9. 0-0 0-0 10. Nd1 Rb8 11. Nxd4 cxd4 12. Bh6 b5 13. Bxg7 Kxg7 14. c3 Nc6 15. f4 e5 16. f5 f6 17. h4 Qe7 18. Nf2 dxc3 19. bxc3 Nd8 20. Ng4 gxf5 21. Qh6+ Kh8 22. exf5 Bb7 23. Bxb7 Rxb7 24. Ne3 Nf7 25. Qh5 d5 26. Kh2 Rd7 27. Ng2 d4 28. cxd4 Rxd4 29. Qe2 Re8 30. Rac1 Qd7 31. Rc3 b4 32. Rc4 Rd8 33. Rxd4 Qxd4 34. Qh5 Qd7 35. Rc1 a5 36. g4 Rg8 37. Rg1 Nd6 38. Ne3 Qf7 39. Qxf7 Nxf7 40. Nd5 Rd8 41. Nxf6 h6 42. Rc1 Kg7 43. Rc5 Kxf6 44. Rxa5 Rxd3 45. Ra6+ Rd6 46. Ra4 Rb6 47. Kg3 Nd6 48. Kf3 h5 49. gxh5 Nxf5 50. Ke4 Ke6 51. Ra5 Nd6+ 52. Kf3 Rb7 53. Ra4 Rf7+ 54. Kg4 Rf4+ 55. Kg5 Nf7+ 56. Kg6 Rg4+ 57. Kh7 Rxh4 58. Ra6+ Kf5 59. Kg7 Ng5 60. Rf6+ Kg4 61. h6 Rh2 62. Rb6 Rb2 63. Kf6 Kf4 64. Rb5 Ne4+ 65. Kg7 Ng5 66. Kg6 Rxa2 67. Rxb4+ e4 68. Rb5 Ra6+ 69. Kh5 Nf7 0-1

[Event "Borup op 3rd"]
[Site "Borup"]
[Date "2008.09.14"]
[Round "9"]
[White "Christensen, Bo Garner"]
[Black "Struch, Thomas"]
[Result "0-1"]
[WhiteElo "2247"]
[BlackElo "2149"]
[PlyCount "104"]
[EventDate "2008.09.05"]
[EventType "swiss"]
[EventRounds "9"]
[EventCountry "DEN"]
[SourceTitle "CBM 126 Extra"]
[Source "ChessBase"]
[SourceDate "2008.11.05"]
[SourceVersion "1"]
[SourceVersionDate "2008.11.05"]
[SourceQuality "1"]

1. e4 e5 2. Nf3 Nc6 3. Nc3 Nf6 4. Bb5 Bb4 5. 0-0 0-0 6. d3 d6 7. Bxc6 bxc6 8. Ne2 h6 9. Ng3 Re8 10. c3 Bc5 11. Qa4 Bd7 12. Nh4 Kh7 13. Nhf5 Ng8 14. d4 exd4 15. cxd4 Bb6 16. Qc4 d5 17. exd5 Bxf5 18. Nxf5 Qxd5 19. Qd3 g6 20. Ne3 Qxd4 21. Qb3 Qd7 22. Bd2 Rab8 23. Rad1 Qe6 24. Qa4 Nf6 25. Nc4 Ne4 26. Rde1 Qd5 27. Be3 Nd6 28. Nxb6 axb6 29. Rd1 Qe6 30. Qxc6 Re7 31. Bf4 Qxa2 32. Qc1 Qc4 33. Qd2 Re2 34. Qd4 Qxd4 35. Rxd4 Rxb2 36. Bxd6 cxd6 37. Rxd6 Rb7 38. h4 Kg7 39. Re1 b5 40. Re8 h5 41. g4 hxg4 42. Re4 g3 43. fxg3 Rc7 44. Rd1 Rcc2 45. Re3 b4 46. Kf1 Kh6 47. Rf3 f5 48. Rfd3 Kh5 49. Re3 Kg4 50. Rd4+ Kh3 51. g4+ Kh2 52. gxf5 Rg2 0-1

[Event "Politiken Cup 30th"]
[Site "Helsingor"]
[Date "2008.07.27"]
[Round "10"]
[White "Brorsen, Jacob Abildlund"]
[Black "Struch, Thomas"]
[Result "0-1"]
[WhiteElo "1882"]
[BlackElo "2149"]
[PlyCount "106"]
[EventDate "2008.07.19"]
[EventType "swiss"]
[EventRounds "10"]
[EventCountry "DEN"]
[SourceTitle "CBM 125 Extra"]
[Source "ChessBase"]
[SourceDate "2008.09.01"]
[SourceVersion "1"]
[SourceVersionDate "2008.09.01"]
[SourceQuality "1"]

1. c4 c5 2. Nc3 Nc6 3. g3 g6 4. Bg2 Bg7 5. e4 e6 6. d3 d6 7. Nge2 Nge7 8. 0-0 0-0 9. Be3 Nd4 10. Qd2 a6 11. Bh6 Nec6 12. Bxg7 Kxg7 13. Nxd4 Nxd4 14. Rab1 Qa5 15. Rfd1 Rb8 16. Qe3 e5 17. a3 Be6 18. f4 f6 19. Rf1 b5 20. fxe5 fxe5 21. Rxf8 Rxf8 22. Rf1 Rxf1+ 23. Bxf1 b4 24. Nb1 Qa4 25. Qc1 bxa3 26. Nxa3 Qb3 27. Kh1 h6 28. Qd2 Qb4 29. Qc1 Bg4 30. Nc2 Nxc2 31. Qxc2 Qe1 32. Kg1 Qe3+ 33. Qf2 Qc1 34. Kg2 Bd1 35. Qe1 Qxb2+ 36. Kh3 Bf3 37. g4 Qb4 38. Qa1 h5 39. gxh5 gxh5 40. Qc1 Bg4+ 41. Kh4 Qb7 42. Qg5+ Kf7 43. h3 Bd1 44. Qf5+ Ke8 45. Kg3 a5 46. Qe6+ Qe7 47. Qc8+ Kf7 48. Kh2 a4 49. Qf5+ Kg7 50. Qf2 Qg5 51. Qe1 Bf3 52. Qf2 h4 53. Qxf3 Qg3+ 0-1

[Event "Politiken Cup 30th"]
[Site "Helsingor"]
[Date "2008.07.26"]
[Round "9"]
[White "Struch, Thomas"]
[Black "Svanholm, Borge Waaktaar"]
[Result "1-0"]
[WhiteElo "2149"]
[BlackElo "2003"]
[PlyCount "45"]
[EventDate "2008.07.19"]
[EventType "swiss"]
[EventRounds "10"]
[EventCountry "DEN"]
[SourceTitle "CBM 125 Extra"]
[Source "ChessBase"]
[SourceDate "2008.09.01"]
[SourceVersion "1"]
[SourceVersionDate "2008.09.01"]
[SourceQuality "1"]

1. e4 c5 2. c3 Nf6 3. e5 Nd5 4. d4 cxd4 5. cxd4 d6 6. Nf3 Nc6 7. a3 e6 8. Bd3 dxe5 9. dxe5 Be7 10. 0-0 0-0 11. Re1 Bd7 12. Qc2 h6 13. Qe2 f5 14. exf6 Nxf6 15. b4 Bd6 16. Bb2 Re8 17. Nbd2 e5 18. Ne4 Nd4 19. Nxd4 exd4 20. Bxd4 Nxe4 21. Bxe4 Bc6 22. Qg4 Bxe4 23. Qxg7# 1-0

[Event "Politiken Cup 30th"]
[Site "Helsingor"]
[Date "2008.07.25"]
[Round "8"]
[White "Nordin, Eric"]
[Black "Struch, Thomas"]
[Result "1/2-1/2"]
[WhiteElo "1991"]
[BlackElo "2149"]
[PlyCount "195"]
[EventDate "2008.07.19"]
[EventType "swiss"]
[EventRounds "10"]
[EventCountry "DEN"]
[SourceTitle "CBM 125 Extra"]
[Source "ChessBase"]
[SourceDate "2008.09.01"]
[SourceVersion "1"]
[SourceVersionDate "2008.09.01"]
[SourceQuality "1"]

1. e4 e5 2. Nf3 Nc6 3. Bc4 Nf6 4. Ng5 d5 5. exd5 Na5 6. Bb5+ c6 7. dxc6 bxc6 8. Be2 h6 9. Nf3 e4 10. Ne5 Bc5 11. c3 Qc7 12. d4 exd3 13. Nxd3 Bd6 14. h3 Bf5 15. Nd2 Rd8 16. Nf3 0-0 17. 0-0 c5 18. Qa4 Rfe8 19. Be3 Re4 20. Qc2 Rxe3 21. fxe3 c4 22. Nd4 Be4 23. Qd2 cxd3 24. Bxd3 Bb7 25. Rad1 Bh2+ 26. Kh1 Nh5 27. Ne2 g6 28. Qc2 Nc6 29. Bxg6 fxg6 30. Qxg6+ Ng7 31. Rxd8+ Nxd8 32. Nd4 Qg3 33. Qxg3 Bxg3 34. Nf5 Nxf5 35. Rxf5 Kg7 36. Ra5 a6 37. Rf5 Nf7 38. Rc5 Kf6 39. e4 Bxe4 40. a4 Ne5 41. b4 Kf5 42. b5 Kf4 43. Rc8 axb5 44. Rf8+ Ke3 45. axb5 Nd3 46. b6 Nf4 47. Kg1 Nxg2 48. Re8 Nf4 49. b7 Nxh3+ 50. Kf1 Kf3 51. Rf8+ Kg4 52. b8Q Bxb8 53. Rxb8 h5 54. Rg8+ Ng5 55. Kg1 h4 56. c4 h3 57. c5 Kh4 58. Rh8+ Kg3 59. Rxh3+ Nxh3+ 60. Kf1 Kf3 61. Ke1 Ke3 62. Kd1 Nf2+ 63. Kc1 Nd3+ 64. Kc2 Kd4 65. c6 Bxc6 66. Kb3 Bd5+ 67. Kc2 Bc4 68. Kb1 Kc3 69. Ka1 Nb4 70. Kb1 Nc2 71. Kc1 Na3 72. Kd1 Bd3 73. Ke1 Kd4 74. Kd2 Nc4+ 75. Ke1 Ke3 76. Kd1 Nb2+ 77. Kc1 Na4 78. Kd1 Bf5 79. Kc1 Be4 80. Kd1 Kd3 81. Kc1 Kc3 82. Kd1 Nc5 83. Ke1 Kd3 84. Kf2 Ne6 85. Kg3 Ke3 86. Kg4 Bg6 87. Kg3 Bf5 88. Kh4 Kf4 89. Kh5 Ng5 90. Kh6 Ne6 91. Kh5 Bh7 92. Kh6 Be4 93. Kh5 Nc7 94. Kh6 Ne8 95. Kh5 Nf6+ 96. Kh6 Ne8 97. Kh5 Kf5 98. Kh6 1/2-1/2

[Event "Politiken Cup 30th"]
[Site "Helsingor"]
[Date "2008.07.20"]
[Round "3"]
[White "Struch, Thomas"]
[Black "Svane, Rasmus"]
[Result "1/2-1/2"]
[WhiteElo "2149"]
[BlackElo "1934"]
[PlyCount "105"]
[EventDate "2008.07.19"]
[EventType "swiss"]
[EventRounds "10"]
[EventCountry "DEN"]
[SourceTitle "CBM 125 Extra"]
[Source "ChessBase"]
[SourceDate "2008.09.01"]
[SourceVersion "1"]
[SourceVersionDate "2008.09.01"]
[SourceQuality "1"]

1. e4 c5 2. c3 d5 3. exd5 Qxd5 4. d4 Nc6 5. Nf3 Nf6 6. dxc5 Qxd1+ 7. Kxd1 a5 8. Bc4 e6 9. Ke2 Bxc5 10. Be3 Bxe3 11. Kxe3 Ke7 12. h3 Rd8 13. Na3 b6 14. Rhd1 Bb7 15. Ke2 Rxd1 16. Rxd1 Rd8 17. Rxd8 Kxd8 18. g3 h6 19. Bb5 Ke7 20. Nc2 g6 21. h4 Kd6 22. Ne3 Nd7 23. Nc4+ Kc7 24. Bxc6 Bxc6 25. Nfe5 Nxe5 26. Nxe5 Be8 27. Ke3 h5 28. f4 f6 29. Nd3 Kd6 30. Kd4 Bc6 31. c4 Bf3 32. b3 Be2 33. a3 Bf1 34. b4 axb4 35. axb4 Be2 36. c5+ bxc5+ 37. Nxc5 e5+ 38. fxe5+ fxe5+ 39. Ke4 Bb5 40. Nb3 Bc6+ 41. Ke3 Kd5 42. Nd2 Bd7 43. Nf3 Bb5 44. Nd2 Bd7 45. Ne4 Bf5 46. Ng5 Bd7 47. Nh7 Bf5 48. b5 Kc5 49. Ng5 Kxb5 50. Nf3 Kc5 51. Nxe5 Kd5 52. Kf4 Ke6 53. Nf3 1/2-1/2

[Event "Bagsvard GSF 75 Years-A"]
[Site "Bagsvard"]
[Date "2008.06.10"]
[Round "7"]
[White "Brandstrup, Bo"]
[Black "Struch, Thomas"]
[Result "0-1"]
[WhiteElo "1969"]
[BlackElo "2035"]
[PlyCount "134"]
[EventDate "2008.04.15"]
[EventType "tourn"]
[EventRounds "7"]
[EventCountry "DEN"]
[SourceTitle "EXT 2018"]
[Source "ChessBase"]
[SourceDate "2017.10.13"]
[SourceVersion "1"]
[SourceVersionDate "2017.10.13"]
[SourceQuality "1"]

1. d4 d5 2. Nf3 Nf6 3. c4 dxc4 4. g3 Bf5 5. Bg2 c6 6. 0-0 Nbd7 7. a4 h6 8. Na3 e6 9. Nxc4 Nb6 10. Nfe5 Nxc4 11. Nxc4 Be4 12. f3 Bh7 13. e4 Be7 14. Be3 0-0 15. Qd2 Rc8 16. Rfd1 Nd7 17. Rac1 Nb6 18. b3 Kh8 19. a5 Na8 20. a6 b6 21. Ne5 Qe8 22. f4 f6 23. Nc4 Nc7 24. Qe2 Qd7 25. d5 cxd5 26. exd5 Nxd5 27. Bf2 Bc5 28. Bxc5 Rxc5 29. b4 Rc7 30. Ne3 Rxc1 31. Rxc1 Nxb4 32. Qc4 Nd3 33. Rc3 Rd8 34. Bc6 Qd6 35. Be4 Bxe4 36. Qxe4 Nc5 37. Qc4 Qd4 38. Qxd4 Rxd4 39. Ra3 Rd3 40. Rxd3 Nxd3 41. Nc4 b5 42. Na5 Nc5 43. Nc6 Nxa6 44. Kf2 Nc5 45. Nxa7 b4 46. Ke3 b3 47. Nb5 e5 48. fxe5 fxe5 49. Kd2 Kh7 50. Kc3 Kg6 51. Kc4 e4 52. Nc3 b2 53. Kd4 Kf5 54. h3 h5 55. Nb1 g5 56. Nc3 Nb3+ 57. Ke3 Nc5 58. Nb1 Ke5 59. Nc3 Nb3 60. Nb1 Na5 61. Na3 Kd5 62. Nb1 Nc4+ 63. Ke2 Kd4 64. Ke1 Kd3 65. Kd1 e3 66. g4 h4 67. Ke1 Kc2 0-1

[Event "Bagsvard GSF 75 Years-A"]
[Site "Bagsvard"]
[Date "2008.05.27"]
[Round "6"]
[White "Struch, Thomas"]
[Black "Petersen, Steen Brustrup"]
[Result "1-0"]
[WhiteElo "2035"]
[BlackElo "2112"]
[PlyCount "55"]
[EventDate "2008.04.15"]
[EventType "tourn"]
[EventRounds "7"]
[EventCountry "DEN"]
[SourceTitle "EXT 2018"]
[Source "ChessBase"]
[SourceDate "2017.10.13"]
[SourceVersion "1"]
[SourceVersionDate "2017.10.13"]
[SourceQuality "1"]

1. e4 e5 2. Nf3 Nc6 3. Bb5 Nge7 4. 0-0 g6 5. d4 exd4 6. Nxd4 Bg7 7. Be3 0-0 8. Nc3 a6 9. Nxc6 bxc6 10. Bc4 Bb7 11. Bd4 d5 12. Bxg7 Kxg7 13. Qd4+ f6 14. Bb3 Qd6 15. Na4 Rad8 16. Rfe1 dxe4 17. Qxe4 Nf5 18. c3 Rde8 19. Qc4 Rxe1+ 20. Rxe1 Qd2 21. Rd1 Qg5 22. Nc5 Bc8 23. Ne6+ Bxe6 24. Qxe6 c5 25. Qd7+ Kh6 26. g3 Nd6 27. Qxc7 Ne4 28. Qe7 1-0

[Event "Bagsvard GSF 75 Years-A"]
[Site "Bagsvard"]
[Date "2008.05.13"]
[Round "4"]
[White "Struch, Thomas"]
[Black "Poulsen, Erik"]
[Result "1/2-1/2"]
[WhiteElo "2035"]
[BlackElo "1999"]
[PlyCount "34"]
[EventDate "2008.04.15"]
[EventType "tourn"]
[EventRounds "7"]
[EventCountry "DEN"]
[SourceTitle "EXT 2018"]
[Source "ChessBase"]
[SourceDate "2017.10.13"]
[SourceVersion "1"]
[SourceVersionDate "2017.10.13"]
[SourceQuality "1"]

1. e4 g6 2. d4 Bg7 3. Nc3 d6 4. Nf3 Nf6 5. Be2 0-0 6. 0-0 Bg4 7. Be3 e5 8. dxe5 dxe5 9. Nxe5 Bxe2 10. Qxe2 Nxe4 11. Nxe4 Bxe5 12. Bg5 Qe8 13. Rfe1 Qc6 14. Be7 Re8 15. Bf6 Nd7 16. Bxe5 Nxe5 17. Qd2 Kg7 1/2-1/2

[Event "Bagsvard GSF 75 Years-A"]
[Site "Bagsvard"]
[Date "2008.04.29"]
[Round "3"]
[White "Struch, Thomas"]
[Black "Eriksson, Christian Altenburg"]
[Result "1-0"]
[WhiteElo "2035"]
[BlackElo "2111"]
[PlyCount "91"]
[EventDate "2008.04.15"]
[EventType "tourn"]
[EventRounds "7"]
[EventCountry "DEN"]
[SourceTitle "EXT 2018"]
[Source "ChessBase"]
[SourceDate "2017.10.13"]
[SourceVersion "1"]
[SourceVersionDate "2017.10.13"]
[SourceQuality "1"]

1. e4 e6 2. d4 d5 3. exd5 exd5 4. Bd3 Bd6 5. Nc3 Ne7 6. Qf3 c6 7. Nge2 Qc7 8. Bf4 Bxf4 9. Nxf4 0-0 10. 0-0-0 Na6 11. Bxa6 bxa6 12. Nd3 Nf5 13. Nc5 Qa5 14. Qd3 Nd6 15. b3 Rb8 16. N3a4 Re8 17. Qc3 Qd8 18. Qd2 a5 19. f3 h6 20. Rde1 Rxe1+ 21. Rxe1 Qf6 22. Qe3 Bf5 23. Qf4 g5 24. Qd2 Re8 25. Rxe8+ Nxe8 26. Nb7 Nd6 27. Nxd6 Qxd6 28. g3 Qe7 29. Nc5 Bc8 30. Kb2 Qf6 31. Qe3 Kg7 32. g4 h5 33. h3 Kh6 34. Qe5 Qxe5 35. dxe5 hxg4 36. hxg4 Kg6 37. Kc3 f5 38. exf6 Kf7 39. Kd4 Kxf6 40. a4 Kf7 41. Ke5 Ke7 42. c3 Bd7 43. Nxd7 Kxd7 44. Kf5 c5 45. Kxg5 c4 46. bxc4 1-0

[Event "Bagsvard GSF 75 Years-A"]
[Site "Bagsvard"]
[Date "2008.04.22"]
[Round "2"]
[White "Nielsen, Jan Mose"]
[Black "Struch, Thomas"]
[Result "1/2-1/2"]
[WhiteElo "2107"]
[BlackElo "2035"]
[PlyCount "95"]
[EventDate "2008.04.15"]
[EventType "tourn"]
[EventRounds "7"]
[EventCountry "DEN"]
[SourceTitle "EXT 2018"]
[Source "ChessBase"]
[SourceDate "2017.10.13"]
[SourceVersion "1"]
[SourceVersionDate "2017.10.13"]
[SourceQuality "1"]

1. c4 c5 2. g3 g6 3. Bg2 Bg7 4. e3 Nf6 5. Nc3 e6 6. Qb3 Nc6 7. Nge2 0-0 8. 0-0 Ne8 9. a3 b6 10. Rd1 Bb7 11. e4 Nd4 12. Nxd4 cxd4 13. Ne2 e5 14. d3 d6 15. Rf1 Kh8 16. Bd2 f5 17. f3 Nc7 18. a4 Ne6 19. a5 Qc7 20. Qa3 fxe4 21. fxe4 Rxf1+ 22. Rxf1 Rf8 23. Rxf8+ Bxf8 24. axb6 Qxb6 25. b4 Be7 26. h4 Qa6 27. Qxa6 Bxa6 28. Bh3 Bc8 29. Nc1 Kg7 30. Nb3 Bd8 31. Kf2 Kf7 32. Nc1 Bd7 33. b5 Ke8 34. Na2 Nc5 35. Bxd7+ Kxd7 36. Ke2 h5 37. Nb4 Bb6 38. Nd5 Bd8 39. Bb4 Na4 40. Bd2 Nc5 41. Bb4 Na4 42. Ba3 Ke6 43. Kf3 Ba5 44. Ke2 Nc3+ 45. Kf3 Na4 46. Bb4 Bb6 47. Bd2 Nc5 48. Ke2 1/2-1/2

[Event "Taastrup Quick Weekend 7th A"]
[Site "Taastrup"]
[Date "2008.04.06"]
[Round "5"]
[White "Struch, Thomas"]
[Black "Eriksson, Christian Altenburg"]
[Result "0-1"]
[WhiteElo "2084"]
[BlackElo "2094"]
[PlyCount "136"]
[EventDate "2008.04.04"]
[EventType "tourn"]
[EventRounds "5"]
[EventCountry "DEN"]
[SourceTitle "EXT 2023"]
[Source "ChessBase"]
[SourceDate "2022.10.05"]
[SourceVersion "1"]
[SourceVersionDate "2022.10.05"]
[SourceQuality "1"]

1. e4 e5 2. Nf3 Nf6 3. Nxe5 d6 4. Nf3 Nxe4 5. Nc3 Nxc3 6. dxc3 Be7 7. Be3 Nc6 8. Qd2 Ne5 9. Nd4 0-0 10. 0-0-0 c5 11. Nb5 Qa5 12. a3 Rd8 13. c4 Qxd2+ 14. Rxd2 Be6 15. Nc7 Rac8 16. Nd5 Bxd5 17. cxd5 Ng4 18. Bf4 g5 19. Bg3 Bf6 20. h3 Ne5 21. c4 Rc7 22. Kc2 Re7 23. Bd3 Kg7 24. b3 Ng6 25. Bxg6 hxg6 26. Kd3 a6 27. Re2 Rxe2 28. Kxe2 Bb2 29. a4 Kf6 30. Kd3 Be5 31. Re1 Bxg3 32. fxg3 a5 33. Re4 Rh8 34. Ke3 Rd8 35. Kf3 Rh8 36. Kg4 Rd8 37. Re3 Rh8 38. Rf3+ Kg7 39. Kxg5 Re8 40. Kf4 Re2 41. Re3 Rb2 42. Kf3 Kf6 43. g4 g5 44. g3 Rh2 45. Re2 Rh1 46. Kg2 Rb1 47. Rf2+ Kg6 48. h4 Rxb3 49. h5+ Kg7 50. h6+ Kxh6 51. Rf6+ Kg7 52. Rxd6 Rb4 53. Rd7 Rxa4 54. Rxb7 Rxc4 55. Rb5 a4 56. Ra5 Kf6 57. Ra6+ Ke5 58. d6 Ke6 59. Kf3 Rd4 60. Rc6 c4 61. Ra6 c3 62. Rc6 a3 63. Rxc3 Ra4 64. Rd3 Kd7 65. Rd1 a2 66. Ra1 Kxd6 67. Ke3 Kd5 68. Kd3 Ra3+ 0-1

[Event "Copenhagen-ch"]
[Site "Copenhagen"]
[Date "2007.??.??"]
[Round "3"]
[White "Pallesen, Jacob"]
[Black "Struch, Thomas"]
[Result "1-0"]
[WhiteElo "2018"]
[BlackElo "2118"]
[PlyCount "103"]
[EventDate "2007.10.13"]
[EventType "swiss"]
[EventRounds "9"]
[EventCountry "DEN"]
[SourceTitle "EXT 2018"]
[Source "ChessBase"]
[SourceDate "2017.10.13"]
[SourceVersion "1"]
[SourceVersionDate "2017.10.13"]
[SourceQuality "1"]

1. e4 e5 2. Nf3 Nc6 3. Bc4 Nf6 4. d3 h6 5. c3 d6 6. Bb3 g6 7. Nbd2 Bg7 8. Nf1 0-0 9. Bd2 Nd7 10. Qe2 Nc5 11. Bc2 f5 12. Ne3 fxe4 13. dxe4 Be6 14. h3 a5 15. Nd5 Ne7 16. Nxe7+ Qxe7 17. Be3 a4 18. a3 Nb3 19. Rd1 Qf7 20. Nd2 Kh7 21. Nxb3 axb3 22. Bd3 Rad8 23. c4 c6 24. 0-0 d5 25. cxd5 cxd5 26. exd5 Rxd5 27. Be4 Rdd8 28. Rxd8 Rxd8 29. Rd1 Rxd1+ 30. Qxd1 Bf5 31. Bd5 Be6 32. Be4 Bf5 33. Qd5 Qxd5 34. Bxd5 Bc2 35. Bxb7 e4 36. Bc1 Bf8 37. Kf1 Kg7 38. Be3 Kf6 39. Bd4+ Ke6 40. Ke2 Be7 41. Kd2 h5 42. Kc3 h4 43. Ba6 Kf5 44. Bc4 Bd6 45. Bxb3 Bd3 46. Bc4 Bb1 47. a4 g5 48. a5 e3 49. Bxe3 Be4 50. f3 Ba8 51. Bd3+ Ke5 52. Bxg5 1-0

[Event "Politiken Cup 27th"]
[Site "Copenhagen"]
[Date "2005.07.23"]
[Round "9"]
[White "Struch, Thomas"]
[Black "Nielsen, Max"]
[Result "0-1"]
[WhiteElo "2083"]
[BlackElo "2244"]
[PlyCount "77"]
[EventDate "2005.07.16"]
[EventType "swiss"]
[EventRounds "10"]
[EventCountry "DEN"]
[SourceTitle "CBM 107 Extra"]
[Source "ChessBase"]
[SourceDate "2005.09.01"]
[SourceVersion "1"]
[SourceVersionDate "2005.09.01"]
[SourceQuality "1"]

1. e4 e5 2. Nf3 Nc6 3. Bb5 a6 4. Bxc6 dxc6 5. 0-0 Qd6 6. d4 exd4 7. Nxd4 Bd7 8. e5 Qg6 9. Qe2 0-0-0 10. c3 Nh6 11. Bf4 Nf5 12. Nxf5 Bxf5 13. Re1 h5 14. Nd2 h4 15. Kh1 Be7 16. Ne4 Rhe8 17. f3 f6 18. Qf2 fxe5 19. Bxe5 b6 20. h3 Bf8 21. Nd2 Bc5 22. Bd4 Bxd4 23. cxd4 Rxe1+ 24. Rxe1 Qf6 25. Nb3 a5 26. Rd1 a4 27. Nc1 c5 28. Ne2 cxd4 29. Rxd4 Rxd4 30. Nxd4 Bd7 31. a3 c5 32. Ne2 Qxb2 33. Qe3 Qb3 34. Qe7 Qxa3 35. Qxg7 Qe3 36. Nc3 a3 37. Nd5 Qe1+ 38. Kh2 Qg3+ 39. Kh1 0-1